| 000 | 00513nam a2200121Ia 4500 | ||
|---|---|---|---|
| 008 | 160712s9999 xx 000 0 und d | ||
| 100 | _aManalo Jr., Fermin P. | ||
| 245 |
_cFermin P. Manalo Jr. _aCommunity Development Animating Peacebuilding from Below: The Case of GiNaPaLaDTaKa Space for Peace in Pikit, North Cotabato |
||
| 260 |
_c2013 _bPhilippine Journal of Social Development |
||
| 300 | _avol. 5 | ||
| 650 | _xSOCIAL DEVELOPMENT | ||
| 856 | _uhttp://journals.upd.edu.ph/index.php/pjsd/issue/view/415/showToc | ||
| 999 |
_c297373 _d297373 |
||